Islas
Furkejuvvon:
| Searvvušdahkki: | |
|---|---|
| Materiálatiipa: | Áigečála |
| Giella: | Spanish |
| Almmustuhtton: |
Santa Clara (Cuba), :
Universidad Central "Marta Abreu" de Las Villas,
1958-.
|
| Fáttát: | |
| Fáddágilkorat: |
Lasit fáddágilkoriid
Eai fáddágilkorat, Lasit vuosttaš fáddágilkora!
|
MARC
| LEADER | 00000nas a2200000 i 4500 | ||
|---|---|---|---|
| 001 | CSIC000119004 | ||
| 005 | 20160209114131.0 | ||
| 008 | 891126c19589999cubtr p 0uuub0spa d | ||
| 022 | |a 0047-1542 | ||
| 040 | |a ES-MaCSI |b spa |c VL |d CIICLA - UCR | ||
| 041 | |a spa | ||
| 245 | 1 | 0 | |a Islas |
| 260 | |a Santa Clara (Cuba), : |b Universidad Central "Marta Abreu" de Las Villas, |c 1958-. | ||
| 300 | |a volúmenes | ||
| 310 | |a Cuatrimestral | ||
| 362 | 0 | |a 1958- | |
| 500 | |a En la Biblioteca del CIICLA hay ejemplares impresos | ||
| 650 | 1 | 4 | |a HUMANIDADES |v PUBLICACIONES PERIODICAS |
| 651 | 1 | 4 | |a CUBA |x HISORIA |v PUBLICACIONES PERIODICAS |
| 710 | 2 | |a Universidad Central de Las Villas. | |
| 942 | |2 ddc |c CR | ||
| 999 | |c 4571 |d 4571 | ||
